00322nam a22001217a 4500003000400000005001700004008004100021020001800062040000600080082001800086245007800104260001800182OSt20250301093016.0250301b |||||||| |||| 00| 0 eng d a9789356066526 c  22a512.5bDAS aLinear Algebra and Partial differential equations and transformscDas,P.S bPearsonc2024